000
00311nam a22001337a 4500
008
170911b xxu||||| |||| 00| 0 eng d
020
_a
9780131497450
041
_a
eng
080
_2
7TH
_a
91
100
_a
42
101
_a
GJEO
245
_a
LABORATORY MANUAL IN PHYSICAL GEOLOGY
_c
BUSCH,R.M
942
_2
udc
_c
BK
999
_c
26948
_d
26948